000 00782nam a2200253Ia 4500
000 nam a22 i 4500
001 UNACH-8073
007 ta
008 221212s ||||fr|||| 00| | spa d
020 _a978-9978-86869--0
041 0 _aspa
082 0 4 _a348.02
_bLeyes, compilaciones
110 1 _aCorporación de Estudios y Publicaciones CEP
245 1 0 _aLey orgánica de la función legislativa :
_bconcordancias
250 _aEdición: no indica en el ejemplar
264 3 1 _a[Quito] :
_aEcuador :
_bCorporación de Estudios y Publicaciones (CEP),
_c2011
300 _a49 páginas
336 _atexto
_btxt
_2rdacontent
337 _ano mediado
_bn
_2rdamedia
338 _avolumen
_bnc
_2rdacarrier
653 0 _aLeyes, compilaciones.
942 _2ddc
_c1
_n0
999 _c6566
_d6566